000 01110nam a2200337 i 4500
003 EG-GICUC
005 20260326161324.0
008 260326s1966 -us||||fr|||| 00| 0 eng d
040 _aEG-GiCUC
_beng
_cEG-GiCUC
_dEG-GiCUC
_erda
041 _aeng
082 0 4 _221
_a343.3
_bHA . B
092 0 4 _221
099 _aLaw1 10 343.3 HA . B 2 ed - 1966
100 1 _aHall,Livingston
_eAuthor.
245 1 0 _aBasic Criminal Procedure :
_bCases, Comments and Questions /
_cBy Livingston Hall and Yale Kamisar.
250 _asecond edition
264 1 _aSt. Paul,Minn :
_bWest Academic Publishing,
_c1966.
300 _a551 pages :
_billustrations,
_c24 cm.
336 _2rda content
_atext
337 _2rda media
_aComputer
338 _2rda carrier
_aOnline Resource
490 _aAmerican Casebook Series
504 _aIncludes bibliographical references.
546 _aText in English
650 1 _aCriminal Law
650 1 _aLaw of criminal procedure
700 1 _aKamisar,Yale
_eAuthor.
856 4 0 _uhttps://fll.law.cu.edu.eg/fulltext/bks/B10-08202.pdf
905 _a43
942 _2ddc
_n0
_cBK
_e21
999 _c67003
_d67003